| 000 | 00992nmm a2200325 a 4500 | ||
|---|---|---|---|
| 003 | AR-BaBNM | ||
| 005 | 20251128204811.0 | ||
| 008 | 011101s1994 ||||||||||||||000 | spa|| | ||
| 020 | _a950-582-265-7 | ||
| 040 | _cAR-BaBNM | ||
| 100 | 1 | _aVargas Vargas, Laura | |
| 245 | 1 | 0 |
_aTécnicas participativas para la educación popular _n1 |
| 250 | _a5ª ed. | ||
| 260 |
_aBuenos Aires _bHumanitas _bCEDEPO _c1994 |
||
| 300 | 0 |
_ap. irreg. _bil. |
|
| 500 | 0 | _aCEDEPO: Centro Ecuménico de Educación Popular | |
| 500 | _aAuspiciado por ALFORJA | ||
| 500 | 0 | _aCoordinación y producción por Osvaldo Dubini | |
| 650 | 4 | _aMETODOS DE ENSENANZA | |
| 650 | 4 | _aTECNICAS DIDACTICAS | |
| 650 | 4 | _aPARTICIPACION DEL ALUMNO | |
| 650 | 4 | _aTRABAJO EN GRUPO [METODO DE ENSENANZA] | |
| 650 | 4 | _aDINAMICA DE GRUPO | |
| 650 | 4 | _aMETODOS DE ANIMACION | |
| 650 | 4 | _aACTIVIDADES EN GRUPO | |
| 650 | 4 | _aJUEGOS EDUCATIVOS | |
| 700 | 1 | _aBustillos de Núñez, Graciela | |
| 942 | _cBK | ||
| 998 | _csole | ||
| 999 |
_c8880 _d8880 |
||